02087cam a2200373 a 45000010009000000050017000090080041000260100017000670200043000840200040001270400018001670820016001851000040002012450076002412500012003172600048003293000035003774900057004125040051004696500031005206500028005516500038005797000022006178300058006398560081006979420012007789990017007909520159008079520159009669520147011259520159012729520148014319520134015791535144720170105102339.0080701s2009 nyua b 001 0 eng  a 2008029440 a9780195331455 (hardcover : alk. paper) a0195331451 (hardcover : alk. paper) aDLCcDLCdDLC00a621.3822221 aLathi, B. P.q(Bhagwandas Pannalal)10aModern digital and analog communication systems cB.P. Lathi, Zhi Ding. a4th ed. aNew York :bOxford University Press,c2009. axix, 1004 p. :bill. ;c27 cm.1 aOxford series in electrical and computer engineering aIncludes bibliographical references and index. 0aTelecommunication systems. 0aDigital communications. 0aStatistical communication theory.1 aDing, Zhi,d1962- 0aOxford series in electrical and computer engineering.413Table of contents onlyuhttp://www.loc.gov/catdir/toc/fy0903/2008029440.html 2ddccBK c11481d11481 001040708NFICaCLbCLcGENd2013-01-07eAllied Book Companyg808.00l3m1o621.382 LATpSEECS011828q2021-06-23r2021-02-23s2021-02-23w2013-01-09yBK 001040708NFICaCLbCLcGENd2013-01-07eAllied Book Companyg808.00l7m6o621.382 LATpSEECS011829q2026-02-26r2026-01-27s2026-01-27w2013-01-09yBK 001040708NFICaCLbCLcGENd2013-01-07eAllied Book Companyg808.00l5m1o621.382 LATpSEECS011830r2025-11-15s2024-01-30w2013-01-09yBK 001040708NFICaCLbCLcGENd2013-01-07eAllied Book Companyg808.00l6m4o621.382 LATpSEECS011831q2022-01-16r2021-10-11s2021-10-11w2013-01-09yBK 001040708NFICaCLbCLcGENd2013-01-07eAllied Book Companyg808.00l11m4o621.382 LATpSEECS011832r2026-03-13s2026-03-03w2013-01-09yBK 001040708NFICaCLbCLcGENd2013-09-09eDonationg0.00l9m7o621.382 LATpSEECSD00953r2026-03-16s2019-08-26w2017-01-05yBK